000 00492nam a2200181Ia 4500
005 20240322092619.0
008 131103s9999 xx 000 0 und d
040 _aLoreto College
041 _aEnglish
082 _a420.7
_bHIL
100 _aHill, L.A.
245 _aSelected articles on the teaching of English as a foreign language
_cL.A.Hill
260 _aLondon
_bO.U.P.
_c1967
300 _av,142p.
650 _aEnglish language-study & teaching
850 _aLCBED
942 _cBK
999 _c27600
_d78079